Statistics for Major League Baseball Teams (MLB)

Click here to take the quiz!

General Stats

  • This quiz has been taken 488,071 times
  • The average score is 23 of 30

Answer Stats

Team% Correct
New York Yankees
97%
Boston Red Sox
95%
Chicago White Sox
91%
Oakland Athletics
86%
New York Mets
85%
Chicago Cubs
84%
Cincinnati Reds
83%
Los Angeles Dodgers
83%
San Francisco Giants
81%
St. Louis Cardinals
80%
Los Angeles Angels
80%
Miami Marlins
80%
Tampa Bay Rays
79%
Toronto Blue Jays
79%
Texas Rangers
78%
Houston Astros
77%
Seattle Mariners
76%
Atlanta Braves
75%
Baltimore Orioles
75%
Arizona Diamondbacks
73%
Philadelphia Phillies
73%
Pittsburgh Pirates
73%
Washington Nationals
72%
Detroit Tigers
72%
Cleveland Indians
72%
San Diego Padres
69%
Minnesota Twins
69%
Colorado Rockies
69%
Milwaukee Brewers
68%
Kansas City Royals
67%

Score Distribution

Percentile by Number Answered

Percent of People with Each Score

Your Score History

You have not taken this quiz